00696pam a2200217 a 45000010008000000030006000080050017000140080041000310200022000720400018000940820024001121000037001362450098001732500012002712600044002833000027003275040041003546500023003957000038004187000022004564733493GBCCL20250204102521.0841009s1985 nyu b 001 0 eng  a0060425687 (pbk.) aDLCcDLCdDLC00a306.8509219bQUE 11 aQueen, Stuart Alfred,d1890-198714aThe family in various cultures /cStuart A. Queen, Robert W. Habenstein, Jill Sobel Quadagno. a5th ed. aNew York, N.Y. :bHarper & Row,cc1985. axiii, 401 p. ;c23 cm. aIncludes bibliographies and indexes. 0aFamiliesxHistory.1 aHabenstein, Robert Wesley,d1914-1 aQuadagno, Jill S.